000 01870cam a2200421 4500
008 011116n2001 000 0 eng u
020 _a0117534943
035 _a(Sirsi) u115616
050 _a692.2
110 _aDepartment for Transport, Local Government and the Regions
_94091
240 _aApproved Document J
240 _aPart J
245 4 _aThe Building Regulations 2000 : combustion appliances and fuel storage systems. Approved Document J
250 _a2002 ed.
260 _aLondon
_bStationery Office
_c2001
300 _a68p.
_bill
_c30cm.
350 _a12
505 _aJ1 : air supply
505 _aJ2 : discharge of products of combustion
505 _aJ3 : protection of building
505 _aJ4 : provision of information
505 _aJ5 : protection of liquid fuel storage systems
505 _aJ6 : protection against pollution
520 _aNew edition of approved document J, coming into effect from 1 April 2002 and introducing new requirements for notices providing the performance characteristics of hearths, fireplaces, flues or chimneys; the positioning and shielding of liquid fuel storage systems from fire in adjacent buildings and property; and the protection of bore holes, water and drainage courses against oil pollution. Existing requirements J1, J2 and J3 are also amended. View at www.safety.odpm.gov.uk.
650 _aBUILDING REGULATIONS 2000 APPROVED DOCUMENT J (2002 EDITION)
650 _aBUILDING REGULATIONS 2000
650 _aCHIMNEYS
650 _aFIRE PROTECTION
650 _aFIREPLACES
650 _aFLUES
650 _aFUEL
650 _aGAS
650 _aOIL
650 _aPOLLUTION CONTROL
690 _aBUILT ENVIRONMENT-BUILDING STANDARDS
856 _uhttps://www.communities.gov.uk/index.asp?id=1165594
_vView the Approved Document on the ODPM website...
942 _n0
999 _c101773
_d101773